미국의 주 - Statistics

General Stats
  • This quiz has been taken 15 times
  • The average score is 28 of 50
Answers on the Map
Answers color-coded by a green-red scale on the quiz's map according to % correct below.
 
Answer Stats
% Correct
워싱턴
100%
하와이
100%
알래스카
92%
텍사스
92%
캘리포니아
83%
플로리다
83%
뉴욕
75%
미네소타
75%
뉴멕시코
67%
메인
58%
미시간
58%
버지니아
58%
아이다호
58%
애리조나
58%
앨라배마
58%
오리건
58%
웨스트버지니아
58%
인디애나
58%
켄터키
58%
네바다
50%
네브래스카
50%
노스다코타
50%
뉴햄프셔
50%
루이지애나
50%
몬태나
50%
미시시피
50%
사우스다코타
50%
아이오와
50%
오하이오
50%
와이오밍
50%
위스콘신
50%
유타
50%
일리노이
50%
조지아
50%
코네티컷
50%
노스캐롤라이나
42%
뉴저지
42%
로드아일랜드
42%
메릴랜드
42%
미주리
42%
버몬트
42%
사우스캐롤라이나
42%
아칸소
42%
오클라호마
42%
캔자스
42%
콜로라도
42%
테네시
42%
펜실베이니아
42%
델라웨어
33%
매사추세츠
33%
No matching quizzes found
Score Distribution
Percent of People with Each Score
Percentile by Number Answered
Your Score History
You have not taken this quiz